000 01147nam a2200265 a 4500
005 20240305165341.0
007 cr |||||||||||
008 101216s2008 sp ||||fs|||||0|| 0 spa|c
020 _a9788480048453
035 _a5244
040 _aCCUC
_dvLex
090 _c2068
_d2068
100 1 _aRuesta Botella, María Luisa
245 1 3 _aLa Ejecutoria penal
_h[Recurso electrónico]
_cMª Luisa Ruesta Botella
256 _aServicio en línea
260 _a[Madrid] :
_bEditorial Universitaria Ramón Areces,
_c2008
300 _a1 recurso electrónico
500 _aDescripción del recurso: el 27 de abril de 2011
506 1 _aContenido solo disponible en los productos indicados
_dvLex Global
_dvLex Global (Academic Edition, excluding Law Schools)
_dvLex Global (U.S. Academic Edition, Law Schools)
_dvLex Global (U.S. Academic Edition, excluding Law Schools)
_dvLex Global (Academic Edition, Law Schools)
650 4 _aEjecución de sentencias
_2Tesauro vLex
650 4 _aDerecho penal
_2Tesauro vLex
740 0 _avLex Libros (Servicios en línea)
856 _uhttps://app.vlex.com/#/sources/ejecutoria-penal-5244
942 _cRAA
999 _c160503
_d160503